| 000 | 00701nam a2200253 a 4500 | ||
|---|---|---|---|
| 999 |
_c8262 _d8262 |
||
| 001 | 8262 | ||
| 003 | BD-JhCC | ||
| 005 | 20180220113641.0 | ||
| 008 | 180220s1996 u a|||| || | 001 0 eng d | ||
| 020 | _a0071143289 | ||
| 035 | _a(BD-JhCC)8262 | ||
| 040 |
_aBD-JhCC _dBD-JhCC |
||
| 041 | _aeng | ||
| 082 |
_a005.133 _bHUB 1996 |
||
| 100 | _aHubbard, John R. | ||
| 245 |
_aProgramming with C++ : _bSchaum's outline of Theory and Problems of ? _cJohn R. Hubbard, |
||
| 260 |
_aToronto : _bMcGraw-Hill, _c1996. |
||
| 300 |
_a436 p. : _bill. ; _c28 cm. |
||
| 490 | _aSchaum's outline Series | ||
| 504 | _aIncludes Index | ||
| 650 | _aComputer Program Language | ||
| 942 |
_2ddc _cBK |
||